<?xml version="1.0" encoding="UTF-8"?>
<record
    xmlns:xsi="http://www.w3.org/2001/XMLSchema-instance"
    xsi:schemaLocation="http://www.loc.gov/MARC21/slim http://www.loc.gov/standards/marcxml/schema/MARC21slim.xsd"
    xmlns="http://www.loc.gov/MARC21/slim">

  <leader>01232nam a22001577a 4500</leader>
  <controlfield tag="008">150327b        xxu||||| |||| 00| 0 eng d</controlfield>
  <datafield tag="020" ind1=" " ind2=" ">
    <subfield code="a">9968928003</subfield>
  </datafield>
  <datafield tag="082" ind1=" " ind2=" ">
    <subfield code="a">745.4</subfield>
    <subfield code="b">H 821p</subfield>
  </datafield>
  <datafield tag="100" ind1=" " ind2=" ">
    <subfield code="a">Horta Meza, Aurelio (compilador)</subfield>
    <subfield code="9">2307</subfield>
  </datafield>
  <datafield tag="245" ind1=" " ind2=" ">
    <subfield code="a">Pensar el Dise&#xF1;o</subfield>
    <subfield code="b">Una profesion del siglo XXI</subfield>
    <subfield code="c">Horta Meza, Aurelio (compilador)</subfield>
  </datafield>
  <datafield tag="260" ind1=" " ind2=" ">
    <subfield code="a">San Jose- Costa Rica</subfield>
    <subfield code="b">Editorial Veritas</subfield>
    <subfield code="c">2004</subfield>
  </datafield>
  <datafield tag="300" ind1=" " ind2=" ">
    <subfield code="a">192 p.</subfield>
    <subfield code="b">ill. </subfield>
    <subfield code="c">27 cm</subfield>
  </datafield>
  <datafield tag="505" ind1=" " ind2=" ">
    <subfield code="t">La invenci&#xF3;n de la huella creativa del dise&#xF1;o </subfield>
    <subfield code="r">Gabrio Zappelli</subfield>
    <subfield code="t">Los escenarios de la intersubjetividad</subfield>
    <subfield code="r">Jeanette Amit</subfield>
    <subfield code="t">La inestabilidad de lo estable: observaciones sobre el movimiento en la cultura occidental</subfield>
    <subfield code="r">Pablo Hern&#xE1;ndez</subfield>
    <subfield code="t">Imagenes y conceptos: relaciones entre cine y filosofia</subfield>
    <subfield code="r">Pablo Hern&#xE1;ndez</subfield>
    <subfield code="t">Percepci&#xF3;n subjetiva vrs. persepci&#xF3;n objetiva</subfield>
    <subfield code="r">Franklin Hern&#xE1;ndez</subfield>
    <subfield code="t">El dise&#xF1;o diacr&#xF3;nico: el tiempo y la experiencia est&#xE9;tica</subfield>
    <subfield code="r">Pablo Ortega</subfield>
    <subfield code="t">&#xBF;Qui&#xE9;n le teme al abogado Coppelius? El tiempo y la experiencia estetica</subfield>
    <subfield code="r">Pablo Ortega</subfield>
    <subfield code="t">El dibujo en el campo de las bellas artes y su pertinencia para la educaci&#xF3;n del dise&#xF1;o</subfield>
    <subfield code="r">Jac Saorsa</subfield>
    <subfield code="t">Pensar en el dise&#xF1;o...hacer la sintesis</subfield>
    <subfield code="r">Aurelio Horta</subfield>
  </datafield>
  <datafield tag="650" ind1=" " ind2=" ">
    <subfield code="x">Dise&#xF1;o</subfield>
    <subfield code="x">Arte</subfield>
    <subfield code="z">Costa Rica</subfield>
    <subfield code="9">2308</subfield>
  </datafield>
  <datafield tag="700" ind1=" " ind2=" ">
    <subfield code="a">Aurelio Horta Meza (compilador)</subfield>
    <subfield code="9">2309</subfield>
  </datafield>
  <datafield tag="999" ind1=" " ind2=" ">
    <subfield code="c">486</subfield>
    <subfield code="d">486</subfield>
  </datafield>
  <datafield tag="952" ind1=" " ind2=" ">
    <subfield code="0">0</subfield>
    <subfield code="1">0</subfield>
    <subfield code="2">ddc</subfield>
    <subfield code="4">0</subfield>
    <subfield code="7">0</subfield>
    <subfield code="a">LV</subfield>
    <subfield code="b">LV</subfield>
    <subfield code="c">Pensamiento</subfield>
    <subfield code="d">2015-03-27</subfield>
    <subfield code="l">0</subfield>
    <subfield code="o">745.4 H 821p</subfield>
    <subfield code="p">000257</subfield>
    <subfield code="r">2015-03-27 00:00:00</subfield>
    <subfield code="w">2015-03-27</subfield>
    <subfield code="y">01</subfield>
  </datafield>
</record>
